<?xml version="1.0" encoding="UTF-8"?>
<record
    xmlns:xsi="http://www.w3.org/2001/XMLSchema-instance"
    xsi:schemaLocation="http://www.loc.gov/MARC21/slim http://www.loc.gov/standards/marcxml/schema/MARC21slim.xsd"
    xmlns="http://www.loc.gov/MARC21/slim">

  <leader>00811nam a22002057a 4500</leader>
  <datafield tag="999" ind1=" " ind2=" ">
    <subfield code="c">20059</subfield>
    <subfield code="d">20059</subfield>
  </datafield>
  <controlfield tag="005">20180103114334.0</controlfield>
  <controlfield tag="008">180103b    2008ec ||||| |||| 00| 0 spa d</controlfield>
  <datafield tag="040" ind1=" " ind2=" ">
    <subfield code="a">CO-BoIAVH </subfield>
    <subfield code="c">CO-BoIAVH </subfield>
  </datafield>
  <datafield tag="041" ind1=" " ind2=" ">
    <subfield code="a">spa</subfield>
  </datafield>
  <datafield tag="082" ind1=" " ind2=" ">
    <subfield code="a">635.21</subfield>
    <subfield code="b">P13e</subfield>
  </datafield>
  <datafield tag="100" ind1=" " ind2=" ">
    <subfield code="a">Paguay, Fredy</subfield>
    <subfield code="e">autor</subfield>
  </datafield>
  <datafield tag="245" ind1="1" ind2="3">
    <subfield code="a">El tesoro de sagrado de los Andes escondido en el alto Guanujo: </subfield>
    <subfield code="b">Urku Papa Tarpui Yachai</subfield>
  </datafield>
  <datafield tag="260" ind1=" " ind2=" ">
    <subfield code="a">Guaranda (Ecuador):</subfield>
    <subfield code="b">Corporaci&#xF3;n de Organizaciones Campesinas para el Desarrollo Integral Alto Guanujo (COCDIAG),</subfield>
    <subfield code="c">2008.</subfield>
  </datafield>
  <datafield tag="300" ind1=" " ind2=" ">
    <subfield code="a">56 p&#xE1;ginas</subfield>
    <subfield code="b">fotograf&#xED;as a color</subfield>
    <subfield code="c">20cm</subfield>
  </datafield>
  <datafield tag="650" ind1="1" ind2="4">
    <subfield code="a">Papa</subfield>
    <subfield code="v">Cultivo</subfield>
  </datafield>
  <datafield tag="650" ind1="1" ind2="4">
    <subfield code="a">Papa nativa</subfield>
    <subfield code="v">biodiversidad</subfield>
  </datafield>
  <datafield tag="650" ind1="1" ind2="4">
    <subfield code="a">Manejo agronomico </subfield>
    <subfield code="v">Control de plagas</subfield>
  </datafield>
  <datafield tag="650" ind1="1" ind2="4">
    <subfield code="a">Seguridad alimentaria</subfield>
    <subfield code="v">Sistema de siembra</subfield>
  </datafield>
  <datafield tag="942" ind1=" " ind2=" ">
    <subfield code="2">ddc</subfield>
    <subfield code="c">Folleto</subfield>
  </datafield>
  <datafield tag="952" ind1=" " ind2=" ">
    <subfield code="0">0</subfield>
    <subfield code="1">0</subfield>
    <subfield code="2">ddc</subfield>
    <subfield code="4">0</subfield>
    <subfield code="7">0</subfield>
    <subfield code="8">GENERAL</subfield>
    <subfield code="a">Bogota</subfield>
    <subfield code="b">Bogota</subfield>
    <subfield code="d">2018-01-03</subfield>
    <subfield code="l">0</subfield>
    <subfield code="o">LB-635.21 P13e</subfield>
    <subfield code="p">043384</subfield>
    <subfield code="r">2018-01-03 00:00:00</subfield>
    <subfield code="t">Ej. 1</subfield>
    <subfield code="w">2018-01-03</subfield>
    <subfield code="x">Donacion</subfield>
    <subfield code="y">Folleto</subfield>
  </datafield>
</record>
